Advances in Embedded Computer Vision \ (Record no. 32932)

000 -LEADER
fixed length control field 04264cam a22005175i 4500
001 - CONTROL NUMBER
control field 11224041
003 - CONTROL NUMBER IDENTIFIER
control field OSt
005 - DATE AND TIME OF LATEST TRANSACTION
control field 20210817154020.0
006 - FIXED-LENGTH DATA ELEMENTS--ADDITIONAL MATERIAL CHARACTERISTICS
fixed length control field m d
007 - PHYSICAL DESCRIPTION FIXED FIELD--GENERAL INFORMATION
fixed length control field cr n
008 - FIXED-LENGTH DATA ELEMENTS--GENERAL INFORMATION
fixed length control field 141126s2014 gw | s |||| 0|eng d
020 ## - INTERNATIONAL STANDARD BOOK NUMBER
International Standard Book Number 9781849967761
024 7# - OTHER STANDARD IDENTIFIER
Standard number or code 10.1007/978-3-319-09387-1
Source of number or code doi
035 ## - SYSTEM CONTROL NUMBER
System control number (WaSeSS)ssj0001386045
038 ## - RECORD CONTENT LICENSOR
Staff Name khadija
040 ## - CATALOGING SOURCE
Modifying agency WaSeSS
Transcribing agency .
050 #4 - LIBRARY OF CONGRESS CALL NUMBER
Classification number TA1637-1638
050 #4 - LIBRARY OF CONGRESS CALL NUMBER
Classification number TA1637-1638
072 #7 - SUBJECT CATEGORY CODE
Subject category code UYT
Source bicssc
072 #7 - SUBJECT CATEGORY CODE
Subject category code UYQV
Source bicssc
072 #7 - SUBJECT CATEGORY CODE
Subject category code COM012000
Source bisacsh
072 #7 - SUBJECT CATEGORY CODE
Subject category code COM016000
Source bisacsh
082 04 - DEWEY DECIMAL CLASSIFICATION NUMBER
Classification number 004.21
Edition number 23
Author Mark EMB
082 04 - DEWEY DECIMAL CLASSIFICATION NUMBER
Edition number 23
100 1# - MAIN ENTRY--PERSONAL NAME
Personal name Kisačanin, Branislav.
Relator term editor.
9 (RLIN) 81571
210 10 - ABBREVIATED TITLE
Abbreviated title Advances in Embedded Computer Vision
245 10 - TITLE STATEMENT
Title Advances in Embedded Computer Vision \
Statement of responsibility, etc. edited by Branislav Kisačanin
490 1# - SERIES STATEMENT
Series statement Advances in Computer Vision and Pattern Recognition,
International Standard Serial Number 2191-6586
505 0# - FORMATTED CONTENTS NOTE
Formatted contents note Part I: Success Stories -- The Optical Mouse -- Consumer Robotics -- Embedded Vision in Advanced Driver Assistance Systems -- Part II: State of the Art -- Computer Vision for Micro Air Vehicles -- Stereo Vision Algorithms Suited to Constrained FPGA Cameras -- Plane Sweeping in Eye-gaze Corrected, Tele-immersive 3D Video Conferencing -- Challenges in Embedded Vision for Augmented Reality -- Tic-Tac-Tandroid -- Vehicle Detection Onboard Small Unmanned Aircraft -- Vision-based Lane Analysis -- Part III: Future Challenges -- Distributed Smart Cameras in the Age of Cloud Computing and the Internet-of-Things -- Data-driven Stream Mining Systems for Computer Vision -- Designing Vision Systems that See Better.
506 ## - RESTRICTIONS ON ACCESS NOTE
Terms governing access License restrictions may limit access.
520 ## - SUMMARY, ETC.
Summary, etc. This illuminating collection offers a fresh look at the very latest advances in the field of embedded computer vision. Emerging areas covered by this comprehensive text/reference include the embedded realization of 3D vision technologies for a variety of applications, such as stereo cameras on mobile devices. Recent trends towards the development of small unmanned aerial vehicles (UAVs) with embedded image and video processing algorithms are also examined. The authoritative insights range from historical perspectives to future developments, reviewing embedded implementation, tools, technologies, systems, algorithms, and markets. Topics and features: Presents a series of self-contained articles from an international selection of leading experts in the field Discusses in detail three major success stories – the development of the optical mouse, vision for consumer robotics, and vision for automotive safety Reviews state-of-the-art research on embedded 3D vision, UAVs, automotive vision, mobile vision apps, and augmented reality Examines the potential of embedded computer vision in such cutting-edge areas as the Internet of Things, the mining of large data streams, and in computational sensing Describes historical successes, current implementations, and future challenges This timely volume is essential reading for researchers from academia and industry, practitioners, and innovation managers interested in embedded computer vision. Students of computer vision will also find this to be an inspiring source of information on the field. Dr. Branislav Kisačanin is the CTO of Embedded Computer Vision at Interphase Corp., Plano, TX, USA. Dr. Margrit Gelautz is an associate professor at Vienna University of Technology, Austria, where she directs the research group on Image and Video Analysis & Synthesis.
563 ## - BINDING INFORMATION
Binding note paper back
650 #0 - SUBJECT ADDED ENTRY--TOPICAL TERM
Topical term or geographic name entry element Computer science.
650 #0 - SUBJECT ADDED ENTRY--TOPICAL TERM
Topical term or geographic name entry element Computer vision.
9 (RLIN) 2862
650 14 - SUBJECT ADDED ENTRY--TOPICAL TERM
Topical term or geographic name entry element Computer Science.
650 24 - SUBJECT ADDED ENTRY--TOPICAL TERM
Topical term or geographic name entry element Image Processing and Computer Vision.
9 (RLIN) 34988
700 1# - ADDED ENTRY--PERSONAL NAME
Personal name Gelautz, Margrit.
Relator term editor.
9 (RLIN) 81572
710 2# - ADDED ENTRY--CORPORATE NAME
Corporate name or jurisdiction name as entry element SpringerLink (Online service)
9 (RLIN) 81564
773 0# - HOST ITEM ENTRY
Title Springer eBooks
773 #0 - HOST ITEM ENTRY
Title SpringerLINK ebooks - Computer Science (2014)
776 08 - ADDITIONAL PHYSICAL FORM ENTRY
Relationship information Printed edition:
International Standard Book Number 9783319093864
830 #0 - SERIES ADDED ENTRY--UNIFORM TITLE
Uniform title Advances in Computer Vision and Pattern Recognition,
9 (RLIN) 81573
856 40 - ELECTRONIC LOCATION AND ACCESS
Uniform Resource Identifier <a href="http://www.columbia.edu/cgi-bin/cul/resolve?clio11224041">http://www.columbia.edu/cgi-bin/cul/resolve?clio11224041</a>
Public note Full text available from SpringerLINK ebooks - Computer Science (2014)
910 ## - USER-OPTION DATA (OCLC)
User-option data Vendor-generated brief record
942 ## - ADDED ENTRY ELEMENTS (KOHA)
Source of classification or shelving scheme
Koha item type Book
Holdings
Withdrawn status Lost status Source of classification or shelving scheme Damaged status Not for loan Permanent Location Current Location Shelving location Date acquired Full call number Barcode Date last seen Price effective from Koha item type Public note
          School of Mechanical & Manufacturing Engineering (SMME) School of Mechanical & Manufacturing Engineering (SMME) General Stacks 12/11/2015 004.21 EMB SMME-1859 03/29/2018 12/11/2015 Book Rack,50-Shelf,3
© 2023 Central Library, National University of Sciences and Technology. All Rights Reserved.